Adèle - Chansons de l'album 21 - Statistiques

Statistiques générales
  • Ce quiz a été pris 20 fois
  • Le résultat moyen est 5 sur 12
Statistiques - réponses
Hint Réponse % Correct
2 11 Someone like You
79%
21 2 Rumour Has It
71%
21 1 Rolling in the Deep
57%
21 5 Set Fire to the Rain
57%
21 3 Turning Tables
57%
21 4 Don't You Remember
50%
2 10 Lovesong
50%
2 9 One and Only
29%
2 7 Take It All
29%
21 6 He Won't Go
21%
2 8 I'll Be Waiting
14%
2 Bonus Itunes I Found a Boy
0%
Aucun quiz correspondant
Distribution des résultats
% des personnes avec chaque résultat
Percentile par nombre de réponses
Votre historique - résultats
Vous n’avez pas pris ce quiz